European dimensions of the marine environment (Record no. 109846)

MARC details
000 -LEADER
fixed length control field 01818cad a22002415a 4500
001 - CONTROL NUMBER
control field E148023
008 - FIXED-LENGTH DATA ELEMENTS--GENERAL INFORMATION
fixed length control field 090714e20090608xxkb f s000 0 eng d
035 ## - SYSTEM CONTROL NUMBER
System control number (Sirsi) u148023
041 0# - LANGUAGE CODE
Language code of text/sound track or separate title eng
050 04 - LIBRARY OF CONGRESS CALL NUMBER
Classification number 333.9164 $2 18
100 1# - MAIN ENTRY--PERSONAL NAME
Personal name Kenyon, Wendy
245 00 - TITLE STATEMENT
Title European dimensions of the marine environment
Medium [electronic resource]
260 ## - PUBLICATION, DISTRIBUTION, ETC.
Place of publication, distribution, etc. Edinburgh
Name of publisher, distributor, etc. Scottish Parliament
Date of publication, distribution, etc. 2009
490 #0 - SERIES STATEMENT
Series statement SPICe Briefing
Volume/sequential designation (09/40) 8 June 2009
505 2# - FORMATTED CONTENTS NOTE
Formatted contents note Key points -- Background -- Integrated maritime policy for the European Union: Scotland and the European Integrated Maritime Policy -- The EU Marine Strategy Framework Directive: good environmental status; stakeholders' views of the EU Marine Strategy Framework; The Marine Strategy Framework Directive and the Water Framework Directive; transposing the EU Marine Strategy Framework Directive in Scotland; an ecosystem-based approach; challenges to the ecosystem-based approach -- Other relevant European legislation and policy -- Sources
520 ## - SUMMARY, ETC.
Summary, etc. Outlines European policy in relation to the marine and maritime environment in order to provide a background to the Scottish Marine Bill. Examines two key areas of policy: The Integrated Maritime Policy for the European Union and The EU Marine Strategy Framework Directive. Also discusses the ecosystem-based approach and looks at the implications of these policies for Scotland. Finishes by highlighting other EU policies which relate to the marine environment in Scotland.
521 ## - TARGET AUDIENCE NOTE
Target audience note Advanced
590 ## - LOCAL NOTE (RLIN)
Local note KA
651 #4 - SUBJECT ADDED ENTRY--GEOGRAPHIC NAME
Geographic name Scotland
Chronological subdivision 1999-
690 ## - LOCAL SUBJECT ADDED ENTRY--TOPICAL TERM (OCLC, RLIN)
Topical term or geographic name as entry element PROPERTY-RURAL AND NATURAL ASSETS-MARINE RESOURCES-MARINE RESOURCE MANAGEMENT
856 40 - ELECTRONIC LOCATION AND ACCESS
Uniform Resource Identifier <a href="https://www.scottish.parliament.uk/business/research/date/index.htm">https://www.scottish.parliament.uk/business/research/date/index.htm</a>
Public note View the briefing free of charge at www.scottish.parliament.uk...
942 ## - ADDED ENTRY ELEMENTS (KOHA)
Suppress in OPAC 0
Holdings
Withdrawn status Lost status Source of classification or shelving scheme Damaged status Not for loan Home library Current library Shelving location Date acquired Total Checkouts Full call number Barcode Date last seen Copy number Price effective from Koha item type
    Dewey Decimal Classification     Virtual Virtual Online 14/07/2009   ONLINE PUBLICATION 148023-2001 06/08/2019 1 06/08/2019 Book